| 000 | 01241nam0a22003251 4500 | ||
|---|---|---|---|
| 001 | RU\NLR\ONIZ\198207 | ||
| 005 | 20250624194732.0 | ||
| 010 | _a978-5-7379-0359-6 | ||
| 035 | _aRU\NLR\ONIZ\lanatalya\5000002498\20140526100633 | ||
| 035 | _a(NLR Aleph) 010888830 | ||
| 090 |
_a10540690 _c10540690 |
||
| 100 | _a20140526d2007 |||y0rusy50 ca | ||
| 101 | 0 | _arus | |
| 102 | _aRU | ||
| 105 | _aa ||||000|y | ||
| 200 | 1 |
_aЧерная музыка, белая свобода _eмузыка и восприятие авангардного джаза _fЕ. Барбан |
|
| 210 |
_aСанкт-Петербург _cКомпозитор - Санкт-Петербург _d2007 |
||
| 215 |
_a284 с., [24] л. _cил., портр. _d20х15 см |
||
| 606 | 1 |
_aДжаз _xЭстетика и философия _2nlr_sh |
|
| 686 |
_aЩ310.4(2Р=Р) _vLBC/SL _2rubbk |
||
| 700 | 1 |
_9z01790 _aБарбан _bЕ. С. _f1935- _gЕфим Семенович _4070 |
|
| 790 | 1 |
_9z01700 _aBarban _bE. S. _f1935- _gEfim Semenjvich _4070 |
|
| 801 | 0 |
_aRU _bNLR _c20140526 _gPSBO |
|
| 801 | 1 |
_aRU _bNLR _c20140526 _2rusmarc |
|
| 801 | 2 |
_aRU _bNLR _c20151105 |
|
| 852 |
_aNLR _bМс _j30/Б.246 _pАэ 11721 _t1 |
||
| 942 | _cBOOK | ||
| 980 | _aNB | ||
| 980 | _aONIZ | ||